[Event "Silkway Cup"]
[Site "T#646345FIDE"]
[Date "2020.05.28"]
[Round "14"]
[White "Chepaschess"]
[Black "Oligarkh"]
[Result "0-1"]
[WhiteElo "2211"]
[BlackElo "2700"]
[Annotator "TA"]
[PlyCount "84"]
[EventDate "2020.05.28"]
[EventType "swiss (blitz)"]

{[%evp 10,84,24,27,50,42,62,43,41,34,65,41,53,36,40,36,71,47,43,-4,7,0,-10,-56,-56,-179,-34,-57,-25,-33,0,-7,6,5,18,0,7,5,8,6,30,0,0,0,0,0,4,0,0,0,1,-111,-108,-118,-118,-107,-110,-135,-116,-149,-134,-198,-153,-162,-118,-125,-108,-116,-108,-562,-607,-692,-601,-590,-591,-591,-586]} 1. Nf3 d5 2. d4 c6 3. c4 Nf6 4. e3 Bf5 5. Nc3 e6 6. Nh4 g6 {D12: Slav Defence: 3 Nf3 Nf6 4 e3 Bf5.} 7. Qb3 Qe7 8. Nxf5 gxf5 {White is slightly better.} 9. Bd2 {[#]} Bg7 $146 ({Predecessor:} 9... a6 10. Rc1 dxc4 11. Bxc4 b5 12. Be2 Nbd7 13. Bf3 Rc8 14. a4 Bg7 15. Na2 Ne4 {0-1 (55) Muradli,M (2338)-Jobava,B (2698) Dubai 2019}) 10. Be2 O-O 11. h3 Rd8 12. cxd5 Nxd5 13. g4 f4 14. exf4 Bxd4 15. Ne4 Nd7 16. Ng5 N7f6 {Hoping for ...h6.} 17. Nf3 {[#]} (17. Rd1 $1 $15) 17... Bb6 ({Black should try} 17... Ne4 $1 $19 18. O-O-O (18. Nxd4 $2 Nxd2 19. Qc2 Nxf4 $19) 18... Nxd2 19. Rxd2 Bxf2) 18. Qc2 Nb4 19. Qc4 Nbd5 20. O-O Bc7 21. Rad1 Nb6 22. Qc1 Ne4 23. Be3 Nd5 24. Bd3 Nxe3 25. Qxe3 (25. fxe3 $5 {[%cal Rd3e4]} Nf6 26. Qc4 $11) 25... Nf6 26. f5 Nd5 27. Qe4 Nf6 28. Qe3 {Black must now prevent Qh6.} Nd5 {[%cal Bf6d5,Bd5f4,Bf4h3][%mdl 32]} 29. Qe4 Nf4 30. Bc4 (30. g5 $11 {keeps the balance.} f6 31. fxe6 Rxd3 32. Rxd3 Nxd3 33. gxf6 Qxf6 34. Qxd3) 30... Nxh3+ $17 31. Kg2 Nf4+ 32. Kg1 Qf6 {Strongly threatening ...Qh6.} 33. fxe6 fxe6 ({Much less strong is} 33... Nxe6 34. Bxe6 Qxe6 35. Qxe6 $15) 34. Rxd8+ Rxd8 35. Re1 (35. g5 $17 {is a better defense.} Qf7 36. Ne5) 35... Kg7 $40 {[%mdl 128] Black has strong attack.} 36. g5 Qxb2 {...Nh3+ is the strong threat.} 37. Bxe6 Re8 38. Qf5 {White threatens Qf7+! and mate.} Rf8 ({Don't play} 38... Rxe6 $6 39. Rxe6 Nxe6 40. Qxe6 $11) 39. Qg4 $2 {[%mdl 8192]} (39. Qc5 $17 {is tougher.} Ng6 40. Qd4+ Qxd4 41. Nxd4) 39... Bb6 $19 {Black is clearly winning.} 40. Qh4 {[#] Intending Qh6+ and mate.} Qxf2+ $1 {[%mdl 576] Decoy} 41. Qxf2 Bxf2+ 42. Kxf2 {aiming for Bc4.} Nd3+ {[%mdl 64] Double Attack. Accuracy: White = 60%, Black = 74%.} 0-1

[Event "Silkway Cup"]
[Site "T#646345FIDE"]
[Date "2020.05.28"]
[Round "14"]
[White "Kranke07"]
[Black "VugarAsadli"]
[Result "1/2-1/2"]
[WhiteElo "2160"]
[BlackElo "2121"]
[Annotator "NA"]
[PlyCount "29"]
[EventDate "2020.05.28"]
[EventType "swiss (blitz)"]

1. e4 {[%emt 0:00:01]} e5 {[%emt 0:00:05]} 2. Nf3 {[%emt 0:00:06]} Nc6 {[%emt 0:00:01] Kranke07 offers a draw} 3. Bb5 {[%emt 0:00:08]} Nf6 {[%emt 0:00:02]} 4. O-O {[%emt 0:00:03]} Nxe4 {[%emt 0:00:05]} 5. Re1 {[%emt 0:00:09]} Nd6 {[%emt 0:00:01]} 6. Nxe5 {[%emt 0:00:01]} Be7 {[%emt 0:00:01]} 7. Bf1 {[%emt 0:00:01]} Nxe5 {[%emt 0:00:04]} 8. Rxe5 {[%emt 0:00:00]} O-O {[%emt 0:00:01]} 9. d4 {[%emt 0:00:01]} Ne8 {[%emt 0:00:07]} 10. c3 {[%emt 0:00:05]} d5 {[%emt 0:00:05]} 11. Re1 {[%emt 0:00:03]} Bd6 {[%emt 0:00:09]} 12. Nd2 {[%emt 0:00:04]} Nf6 {[%emt 0:00:05]} 13. Nf3 {[%emt 0:00:05]} h6 {[%emt 0:00:03]} 14. Ne5 {[%emt 0:00:14]} Re8 {[%emt 0:00:04]} 15. Bd3 {[%emt 0:00:03] VugarAsadli offers a draw (Lag: Av=0.32s, max=0.4s)} 1/2-1/2

[Event "Silkway Cup"]
[Site "T#646345FIDE"]
[Date "2020.05.28"]
[Round "14"]
[White "Mammadzada"]
[Black "NikaVolkov"]
[Result "0-1"]
[WhiteElo "2098"]
[BlackElo "2059"]
[Annotator "NA"]
[PlyCount "64"]
[EventDate "2020.05.28"]
[EventType "swiss (blitz)"]

1. e4 {[%emt 0:00:05]} e6 {[%emt 0:00:01]} 2. d4 {[%emt 0:00:02]} d5 {[%emt 0:00:01]} 3. Nd2 {[%emt 0:00:02]} c5 {[%emt 0:00:01]} 4. Ngf3 {[%emt 0:00:03]} Nc6 {[%emt 0:00:01]} 5. exd5 {[%emt 0:00:02]} exd5 {[%emt 0:00:00]} 6. Bb5 {[%emt 0:00:01]} Nf6 {[%emt 0:00:01]} 7. O-O {[%emt 0:00:02]} Be7 {[%emt 0:00:01]} 8. dxc5 {[%emt 0:00:03]} Bxc5 {[%emt 0:00:00]} 9. Re1+ {[%emt 0:00:09]} Be6 {[%emt 0:00:01]} 10. Nb3 {[%emt 0:00:03]} Bb6 {[%emt 0:00:01]} 11. Nbd4 {[%emt 0:00:13]} Qc8 {[%emt 0:00:02]} 12. Nxe6 {[%emt 0:01:04]} fxe6 {[%emt 0:00:01]} 13. Be3 {[%emt 0:00:04]} Bxe3 {[%emt 0:00:03]} 14. Rxe3 {[%emt 0:00:00]} O-O {[%emt 0:00:05]} 15. c3 {[%emt 0:00:02]} a6 {[%emt 0:00:06]} 16. Ba4 {[%emt 0:00:01]} b5 {[%emt 0:00:14]} 17. Bc2 {[%emt 0:00:01]} Qd7 {[%emt 0:00:05]} 18. Qe2 {[%emt 0:00:05]} Rae8 {[%emt 0:00:12]} 19. h3 {[%emt 0:00:01]} Re7 {[%emt 0:00:21]} 20. Re1 {[%emt 0:00:03]} e5 {[%emt 0:00:06]} 21. Nxe5 {[%emt 0:00:04]} Nxe5 {[%emt 0:00:02]} 22. Rxe5 {[%emt 0:00:00]} Rxe5 {[%emt 0:00:01]} 23. Qxe5 {[%emt 0:00:01]} Re8 {[%emt 0:00:00]} 24. Qxe8+ {[%emt 0:00:35]} Nxe8 {[%emt 0:00:00]} 25. Rd1 {[%emt 0:00:02]} Nf6 {[%emt 0:00:01]} 26. Bb3 {[%emt 0:00:02]} Qe6 {[%emt 0:00:04]} 27. Kf1 {[%emt 0:00:08]} Qe4 {[%emt 0:00:03]} 28. Re1 {[%emt 0:00:02]} Qd3+ {[%emt 0:00:01]} 29. Kg1 {[%emt 0:00:00]} Qd2 {[%emt 0:00:02]} 30. Re6 {[%emt 0:00:03]} a5 {[%emt 0:00:07]} 31. a4 {[%emt 0:00:48]} Qxb2 {[%emt 0:00:04]} 32. Bd1 {[%emt 0:00:01]} Qc1 {[%emt 0:00:07] Mammadzada resigns (Lag: Av=0.53s, max=2.0s)} 0-1

[Event "Silkway Cup"]
[Site "T#646345FIDE"]
[Date "2020.05.28"]
[Round "14"]
[White "Gaguna"]
[Black "Nanadzagnidze"]
[Result "1/2-1/2"]
[WhiteElo "2016"]
[BlackElo "1978"]
[Annotator "NA"]
[PlyCount "117"]
[EventDate "2020.05.28"]
[EventType "swiss (blitz)"]

1. d4 {[%emt 0:00:02]} Nf6 {[%emt 0:00:02]} 2. Nc3 {[%emt 0:00:01]} d5 {[%emt 0:00:03]} 3. Bg5 {[%emt 0:00:02]} c6 {[%emt 0:00:04]} 4. e3 {[%emt 0:00:01]} Bf5 {[%emt 0:00:03]} 5. Nge2 {[%emt 0:00:04]} Nbd7 {[%emt 0:00:03]} 6. Ng3 {[%emt 0:00:02]} Bg6 {[%emt 0:00:01]} 7. Be2 {[%emt 0:00:09]} h6 {[%emt 0:00:04]} 8. Bxf6 {[%emt 0:00:02]} Nxf6 {[%emt 0:00:03]} 9. O-O {[%emt 0:00:02]} e6 {[%emt 0:00:01]} 10. Bd3 {[%emt 0:00:15]} Bxd3 {[%emt 0:00:10]} 11. Qxd3 {[%emt 0:00:00]} Be7 {[%emt 0:00:11]} 12. e4 {[%emt 0:00:10]} dxe4 {[%emt 0:00:15]} 13. Ncxe4 {[%emt 0:00:00]} O-O {[%emt 0:00:02]} 14. Rad1 {[%emt 0:00:06]} Qa5 {[%emt 0:00:04]} 15. a3 {[%emt 0:00:02]} Rfd8 {[%emt 0:00:01]} 16. c3 {[%emt 0:00:13]} Qd5 {[%emt 0:00:09]} 17. Qe2 {[%emt 0:00:07]} b5 {[%emt 0:00:05]} 18. Rfe1 {[%emt 0:00:03]} a5 {[%emt 0:00:06]} 19. Nxf6+ {[%emt 0:00:01]} Bxf6 {[%emt 0:00:02]} 20. Nf1 {[%emt 0:00:03]} Qb3 {[%emt 0:00:08]} 21. Ne3 {[%emt 0:00:03]} b4 {[%emt 0:00:15]} 22. Ng4 {[%emt 0:00:09]} bxc3 {[%emt 0:00:06]} 23. Nxf6+ {[%emt 0:00:15]} gxf6 {[%emt 0:00:01]} 24. Qg4+ {[%emt 0:00:06]} Kf8 {[%emt 0:00:02]} 25. bxc3 {[%emt 0:00:04]} Qxc3 {[%emt 0:00:05]} 26. Qh4 {[%emt 0:00:04]} Ke7 {[%emt 0:00:09]} 27. Re3 {[%emt 0:00:08]} Qc2 {[%emt 0:00:14]} 28. Rde1 {[%emt 0:00:03]} Rd5 {[%emt 0:00:18]} 29. Qxh6 {[%emt 0:00:07]} Rg8 {[%emt 0:00:12]} 30. Qh4 {[%emt 0:00:21]} Qd2 {[%emt 0:00:24]} 31. Qh7 {[%emt 0:00:13]} Rdg5 {[%emt 0:00:12]} 32. g3 {[%emt 0:00:30]} R8g7 {[%emt 0:00:10]} 33. Qe4 {[%emt 0:00:02]} Rd5 {[%emt 0:00:01]} 34. Rd3 {[%emt 0:00:07]} Qb2 {[%emt 0:00:05]} 35. Qf4 {[%emt 0:00:02]} Qb7 {[%emt 0:00:12]} 36. Rde3 {[%emt 0:00:02]} Rgg5 {[%emt 0:00:02]} 37. h4 {[%emt 0:00:07]} Rgf5 {[%emt 0:00:01]} 38. Qg4 {[%emt 0:00:02]} Qb2 {[%emt 0:00:01]} 39. R3e2 {[%emt 0:00:06]} Qxd4 {[%emt 0:00:01]} 40. Qg7 {[%emt 0:00:01]} Rfe5 {[%emt 0:00:01]} 41. Rxe5 {[%emt 0:00:05]} Rxe5 {[%emt 0:00:01]} 42. Rxe5 {[%emt 0:00:08]} Qxe5 {[%emt 0:00:03]} 43. Qh8 {[%emt 0:00:04]} Qe1+ {[%emt 0:00:01]} 44. Kg2 {[%emt 0:00:02]} Qe4+ {[%emt 0:00:01]} 45. Kg1 {[%emt 0:00:02]} Qe1+ {[%emt 0:00:01]} 46. Kg2 {[%emt 0:00:01]} Qe4+ {[%emt 0:00:02]} 47. Kg1 {[%emt 0:00:01]} c5 {[%emt 0:00:02]} 48. Qc8 {[%emt 0:00:07]} c4 {[%emt 0:00:01]} 49. Qc5+ {[%emt 0:00:02]} Kd7 {[%emt 0:00:02]} 50. h5 {[%emt 0:00:02]} Qd3 {[%emt 0:00:03]} 51. Qb5+ {[%emt 0:00:05]} Kd6 {[%emt 0:00:02]} 52. h6 {[%emt 0:00:05]} Qd1+ {[%emt 0:00:01]} 53. Kg2 {[%emt 0:00:02]} Qd3 {[%emt 0:00:02]} 54. Qb6+ {[%emt 0:00:04]} Ke7 {[%emt 0:00:01]} 55. Qc5+ {[%emt 0:00:02]} Kd7 {[%emt 0:00:02]} 56. Qb5+ {[%emt 0:00:01]} Ke7 {[%emt 0:00:02]} 57. Qc5+ {[%emt 0:00:01]} Kd7 {[%emt 0:00:01]} 58. Qb5+ {[%emt 0:00:01]} Ke7 {[%emt 0:00:02]} 59. Qc5+ {[%emt 0:00:01] (Lag: Av=1.19s, max=1.9s)} 1/2-1/2

[Event "Silkway Cup"]
[Site "T#646345FIDE"]
[Date "2020.05.28"]
[Round "14"]
[White "Misi_95"]
[Black "T-sanikidze"]
[Result "0-1"]
[WhiteElo "1977"]
[BlackElo "2690"]
[Annotator "NA"]
[PlyCount "74"]
[EventDate "2020.05.28"]
[EventType "swiss (blitz)"]

1. e4 {[%emt 0:00:05]} c5 {[%emt 0:00:05]} 2. Nf3 {[%emt 0:00:03]} d6 {[%emt 0:00:01]} 3. Bb5+ {[%emt 0:00:01]} Nd7 {[%emt 0:00:02]} 4. d4 {[%emt 0:00:01]} cxd4 {[%emt 0:00:01]} 5. Qxd4 {[%emt 0:00:00]} a6 {[%emt 0:00:01]} 6. Bxd7+ {[%emt 0:00:02]} Bxd7 {[%emt 0:00:00]} 7. Nc3 {[%emt 0:00:01]} e5 {[%emt 0:00:04]} 8. Qd3 {[%emt 0:00:01]} h6 {[%emt 0:00:02]} 9. Nd2 {[%emt 0:00:01]} b5 {[%emt 0:00:16]} 10. a4 {[%emt 0:00:10]} bxa4 {[%emt 0:00:11]} 11. Nc4 {[%emt 0:00:22]} Bb5 {[%emt 0:00:02]} 12. Nxb5 {[%emt 0:00:01]} axb5 {[%emt 0:00:02]} 13. Ne3 {[%emt 0:00:00]} Rb8 {[%emt 0:00:03]} 14. O-O {[%emt 0:00:02]} Nf6 {[%emt 0:00:01]} 15. c4 {[%emt 0:00:07]} bxc4 {[%emt 0:00:32]} 16. Qxc4 {[%emt 0:00:06]} Be7 {[%emt 0:00:01]} 17. Qxa4+ {[%emt 0:00:04]} Nd7 {[%emt 0:00:01]} 18. Nd5 {[%emt 0:00:14]} O-O {[%emt 0:00:01]} 19. Qa7 {[%emt 0:00:33]} f5 {[%emt 0:00:14]} 20. exf5 {[%emt 0:00:08]} Rxf5 {[%emt 0:00:03]} 21. Be3 {[%emt 0:00:18]} Rxb2 {[%emt 0:00:13]} 22. Rab1 {[%emt 0:00:03]} Rxb1 {[%emt 0:00:01]} 23. Rxb1 {[%emt 0:00:00]} Bf8 {[%emt 0:00:08]} 24. Rb7 {[%emt 0:00:08]} e4 {[%emt 0:00:50]} 25. Rxd7 {[%emt 0:01:00]} Rxd5 {[%emt 0:00:03]} 26. Qa2 {[%emt 0:00:16]} Qa5 {[%emt 0:00:13]} 27. Qxa5 {[%emt 0:00:02]} Rxa5 {[%emt 0:00:01]} 28. g4 {[%emt 0:00:01]} Rd5 {[%emt 0:00:29]} 29. Kg2 {[%emt 0:00:01]} Rd3 {[%emt 0:00:02]} 30. Kg3 {[%emt 0:00:03]} g5 {[%emt 0:00:01]} 31. h4 {[%emt 0:00:01]} d5 {[%emt 0:00:02]} 32. hxg5 {[%emt 0:00:02]} hxg5 {[%emt 0:00:00]} 33. Kg2 {[%emt 0:00:01]} Bh6 {[%emt 0:00:01]} 34. Bc5 {[%emt 0:00:03]} Bg7 {[%emt 0:00:02]} 35. Be3 {[%emt 0:00:01]} Bf6 {[%emt 0:00:02]} 36. Kf1 {[%emt 0:00:02]} d4 {[%emt 0:00:01]} 37. Rd6 {[%emt 0:00:05]} Kf7 {[%emt 0:00:03] Zaman (Lag: Av=0.46s, max=0.8s)} 0-1

[Event "Silkway Cup"]
[Site "T#646345FIDE"]
[Date "2020.05.28"]
[Round "14"]
[White "MammadyarovaZ"]
[Black "Nara_Kh"]
[Result "1-0"]
[WhiteElo "1927"]
[BlackElo "1727"]
[Annotator "NA"]
[PlyCount "75"]
[EventDate "2020.05.28"]
[EventType "swiss (blitz)"]

1. d4 {[%emt 0:00:02]} g6 {[%emt 0:00:02]} 2. Nf3 {[%emt 0:00:01]} Bg7 {[%emt 0:00:01]} 3. e3 {[%emt 0:00:02]} Nf6 {[%emt 0:00:08]} 4. Bc4 {[%emt 0:00:03]} O-O {[%emt 0:00:02]} 5. O-O {[%emt 0:00:02]} b6 {[%emt 0:00:06]} 6. a4 {[%emt 0:00:02]} a6 {[%emt 0:00:12]} 7. c3 {[%emt 0:00:05]} Bb7 {[%emt 0:00:01]} 8. Nbd2 {[%emt 0:00:07]} d6 {[%emt 0:00:12]} 9. Qe2 {[%emt 0:00:04]} c5 {[%emt 0:00:06]} 10. e4 {[%emt 0:00:28]} Nc6 {[%emt 0:00:37]} 11. e5 {[%emt 0:00:04]} dxe5 {[%emt 0:00:15]} 12. dxe5 {[%emt 0:00:00]} Nd5 {[%emt 0:00:01]} 13. e6 {[%emt 0:00:08]} f5 {[%emt 0:00:17]} 14. Rd1 {[%emt 0:00:10]} Nf6 {[%emt 0:00:16]} 15. Nf1 {[%emt 0:00:08]} Qc7 {[%emt 0:00:03]} 16. h3 {[%emt 0:00:10]} Na5 {[%emt 0:00:06]} 17. Ba2 {[%emt 0:00:04]} c4 {[%emt 0:00:07]} 18. Be3 {[%emt 0:00:10]} Rfd8 {[%emt 0:00:19]} 19. Bd4 {[%emt 0:00:11]} Ne4 {[%emt 0:00:08]} 20. Bxg7 {[%emt 0:00:10]} Kxg7 {[%emt 0:00:00]} 21. Ne3 {[%emt 0:00:19]} b5 {[%emt 0:00:07]} 22. axb5 {[%emt 0:00:02]} axb5 {[%emt 0:00:01]} 23. Nd4 {[%emt 0:00:01]} Qc5 {[%emt 0:00:10]} 24. Bb1 {[%emt 0:00:15]} Kh8 {[%emt 0:00:10]} 25. Bc2 {[%emt 0:00:02]} Qe5 {[%emt 0:00:09]} 26. Nf3 {[%emt 0:00:18]} Qc7 {[%emt 0:00:05]} 27. Bxe4 {[%emt 0:00:08]} Bxe4 {[%emt 0:00:05]} 28. Ng5 {[%emt 0:00:01]} Bd3 {[%emt 0:00:02]} 29. Qf3 {[%emt 0:00:04]} Kg7 {[%emt 0:00:01]} 30. Nd5 {[%emt 0:00:07]} Qd6 {[%emt 0:00:04]} 31. Nb4 {[%emt 0:00:09]} Qc7 {[%emt 0:00:04]} 32. Nf7 {[%emt 0:00:02]} Be4 {[%emt 0:00:03]} 33. Qe3 {[%emt 0:00:03]} Rxd1+ {[%emt 0:00:01]} 34. Rxd1 {[%emt 0:00:00]} Nc6 {[%emt 0:00:01]} 35. Qh6+ {[%emt 0:00:05]} Kg8 {[%emt 0:00:02]} 36. Ng5 {[%emt 0:00:01]} Qe5 {[%emt 0:00:07]} 37. Qxh7+ {[%emt 0:00:02]} Kf8 {[%emt 0:00:01]} 38. Qf7# {[%emt 0:00:01] (Lag: Av=0.42s, max=0.6s)} 1-0

[Event "Silkway Cup"]
[Site "T#646345FIDE"]
[Date "2020.05.28"]
[Round "14"]
[White "HasanzadeT"]
[Black "Eltaj Safarli"]
[Result "0-1"]
[WhiteElo "1862"]
[BlackElo "2617"]
[PlyCount "38"]
[EventDate "2020.05.28"]
[EventType "swiss (blitz)"]

1. e4 {[%emt 0:00:04]} c5 {[%emt 0:00:02]} 2. Nf3 {[%emt 0:00:02]} Nc6 {[%emt 0:00:01]} 3. d4 {[%emt 0:00:01]} cxd4 {[%emt 0:00:00]} 4. Nxd4 {[%emt 0:00:01]} Nf6 {[%emt 0:00:00]} 5. Nc3 {[%emt 0:00:01]} e6 {[%emt 0:00:00]} 6. g4 {[%emt 0:00:15]} Bb4 {[%emt 0:00:02]} 7. Be3 {[%emt 0:00:10]} d5 {[%emt 0:00:18]} 8. Nxc6 {[%emt 0:00:19]} bxc6 {[%emt 0:00:01]} 9. exd5 {[%emt 0:00:10]} exd5 {[%emt 0:00:07]} 10. Be2 {[%emt 0:00:27]} O-O {[%emt 0:00:09]} 11. g5 {[%emt 0:00:29]} Ne4 {[%emt 0:00:01]} 12. Bd2 {[%emt 0:00:12]} Nxd2 {[%emt 0:00:07]} 13. Qxd2 {[%emt 0:00:00]} d4 {[%emt 0:00:10]} 14. a3 {[%emt 0:00:03]} Ba5 {[%emt 0:00:03]} 15. b4 {[%emt 0:00:03]} dxc3 {[%emt 0:00:01]} 16. Qxc3 {[%emt 0:00:04]} Bb6 {[%emt 0:00:03]} 17. Rd1 {[%emt 0:00:02]} Qxg5 {[%emt 0:00:03]} 18. h4 {[%emt 0:00:04]} Qf4 {[%emt 0:00:02]} 19. Rg1 {[%emt 0:00:03]} Bxf2+ {[%emt 0:00:02] HasanzadeT resigns} 0-1

[Event "Silkway Cup"]
[Site "T#646345FIDE"]
[Date "2020.05.28"]
[Round "14"]
[White "KTsa"]
[Black "Gb_23"]
[Result "0-1"]
[WhiteElo "1795"]
[BlackElo "1704"]
[Annotator "NA"]
[PlyCount "52"]
[EventDate "2020.05.28"]
[EventType "swiss (blitz)"]

1. d4 {[%emt 0:00:01]} Nf6 {[%emt 0:00:01]} 2. Nf3 {[%emt 0:00:01]} d5 {[%emt 0:00:01]} 3. c4 {[%emt 0:00:02]} c6 {[%emt 0:00:07]} 4. e3 {[%emt 0:00:02]} e6 {[%emt 0:00:02]} 5. Nbd2 {[%emt 0:00:02]} Nbd7 {[%emt 0:00:02]} 6. Bd3 {[%emt 0:00:01]} Bd6 {[%emt 0:00:02]} 7. e4 {[%emt 0:00:02]} dxe4 {[%emt 0:00:11]} 8. Nxe4 {[%emt 0:00:00]} Nxe4 {[%emt 0:00:09]} 9. Bxe4 {[%emt 0:00:00]} c5 {[%emt 0:01:04]} 10. O-O {[%emt 0:00:06]} h6 {[%emt 0:00:09]} 11. b3 {[%emt 0:00:20]} O-O {[%emt 0:00:05]} 12. Bb2 {[%emt 0:00:01]} Nf6 {[%emt 0:00:05]} 13. Bc2 {[%emt 0:00:05]} cxd4 {[%emt 0:00:01]} 14. Qxd4 {[%emt 0:00:06]} Qc7 {[%emt 0:00:18]} 15. Rad1 {[%emt 0:00:10]} Rd8 {[%emt 0:00:04]} 16. Qc3 {[%emt 0:00:35]} b6 {[%emt 0:00:07]} 17. Qe3 {[%emt 0:00:20]} Qe7 {[%emt 0:00:26]} 18. Bxf6 {[%emt 0:01:10]} Qxf6 {[%emt 0:00:01]} 19. Qe4 {[%emt 0:00:01]} Rb8 {[%emt 0:00:11]} 20. Nd4 {[%emt 0:00:12]} Bb7 {[%emt 0:00:12]} 21. Qh7+ {[%emt 0:00:02]} Kf8 {[%emt 0:00:02]} 22. Nb5 {[%emt 0:00:11]} Be5 {[%emt 0:00:11]} 23. f3 {[%emt 0:00:16]} Ke7 {[%emt 0:00:04]} 24. g3 {[%emt 0:00:01]} Rxd1 {[%emt 0:00:04]} 25. Rxd1 {[%emt 0:00:01]} Qxf3 {[%emt 0:00:03]} 26. Qd3 {[%emt 0:00:02]} Qg2# {[%emt 0:00:01] (Lag: Av=1.19s, max=3.4s)} 0-1

[Event "Silkway Cup"]
[Site "T#646345FIDE"]
[Date "2020.05.28"]
[Round "14"]
[White "Profi013"]
[Black "AbdullaKh"]
[Result "1-0"]
[WhiteElo "1789"]
[BlackElo "1533"]
[Annotator "NA"]
[PlyCount "125"]
[EventDate "2020.05.28"]
[EventType "swiss (blitz)"]

1. e4 {[%emt 0:00:02]} c5 {[%emt 0:00:02]} 2. Nf3 {[%emt 0:00:01]} e6 {[%emt 0:00:01]} 3. d4 {[%emt 0:00:01]} d5 {[%emt 0:00:01]} 4. exd5 {[%emt 0:00:01]} exd5 {[%emt 0:00:01]} 5. dxc5 {[%emt 0:00:01]} Bxc5 {[%emt 0:00:01]} 6. Bd3 {[%emt 0:00:00]} Nf6 {[%emt 0:00:04]} 7. O-O {[%emt 0:00:01]} O-O {[%emt 0:00:01]} 8. Nbd2 {[%emt 0:00:00]} Bg4 {[%emt 0:00:09]} 9. h3 {[%emt 0:00:02]} Bh5 {[%emt 0:00:01]} 10. Nb3 {[%emt 0:00:02]} Bb6 {[%emt 0:00:03]} 11. Be2 {[%emt 0:00:01]} Nc6 {[%emt 0:00:03]} 12. Bg5 {[%emt 0:00:02]} Qd6 {[%emt 0:00:10]} 13. c3 {[%emt 0:00:24]} Ne4 {[%emt 0:00:06]} 14. Be3 {[%emt 0:00:16]} Bc7 {[%emt 0:00:07]} 15. g4 {[%emt 0:00:07]} Bg6 {[%emt 0:00:21]} 16. Re1 {[%emt 0:00:04]} f5 {[%emt 0:00:14]} 17. g5 {[%emt 0:00:03]} f4 {[%emt 0:00:19]} 18. Bd4 {[%emt 0:00:06]} Bf5 {[%emt 0:00:03]} 19. h4 {[%emt 0:00:07]} Bd7 {[%emt 0:00:29]} 20. c4 {[%emt 0:00:05]} Qe6 {[%emt 0:00:07]} 21. Bf1 {[%emt 0:00:08]} Qg4+ {[%emt 0:00:05]} 22. Bg2 {[%emt 0:00:01]} Rae8 {[%emt 0:00:18]} 23. cxd5 {[%emt 0:00:03]} Nxd4 {[%emt 0:00:01]} 24. Nbxd4 {[%emt 0:00:06]} Bb6 {[%emt 0:00:04]} 25. a4 {[%emt 0:00:10]} Qh5 {[%emt 0:00:20]} 26. a5 {[%emt 0:00:06]} Bc5 {[%emt 0:00:02]} 27. Rc1 {[%emt 0:00:10]} b6 {[%emt 0:00:02]} 28. Qd3 {[%emt 0:00:12]} Nd6 {[%emt 0:00:18]} 29. Ne6 {[%emt 0:00:04]} Bxe6 {[%emt 0:00:08]} 30. dxe6 {[%emt 0:00:01]} Nf5 {[%emt 0:00:05]} 31. Qd5 {[%emt 0:00:26]} Nxh4 {[%emt 0:00:02]} 32. e7+ {[%emt 0:00:02]} Rf7 {[%emt 0:00:01]} 33. Ne5 {[%emt 0:00:09]} Nxg2 {[%emt 0:00:01]} 34. Kxg2 {[%emt 0:00:11]} f3+ {[%emt 0:00:03]} 35. Nxf3 {[%emt 0:00:24]} Qg4+ {[%emt 0:00:01]} 36. Kf1 {[%emt 0:00:01]} Qxf3 {[%emt 0:00:01]} 37. Qxf3 {[%emt 0:00:02]} Rxf3 {[%emt 0:00:01]} 38. Re2 {[%emt 0:00:04]} Rf5 {[%emt 0:00:03]} 39. a6 {[%emt 0:00:04]} Rxe7 {[%emt 0:00:04]} 40. Rxe7 {[%emt 0:00:01]} Bxe7 {[%emt 0:00:02]} 41. Rc7 {[%emt 0:00:01]} Bxg5 {[%emt 0:00:05]} 42. Rxa7 {[%emt 0:00:01]} Ra5 {[%emt 0:00:04]} 43. b4 {[%emt 0:00:04]} Ra2 {[%emt 0:00:02]} 44. b5 {[%emt 0:00:02]} h6 {[%emt 0:00:03]} 45. Rb7 {[%emt 0:00:01]} Kh7 {[%emt 0:00:02]} 46. Rxb6 {[%emt 0:00:01]} Bf6 {[%emt 0:00:01]} 47. Rd6 {[%emt 0:00:03]} Be5 {[%emt 0:00:01]} 48. Rd7 {[%emt 0:00:03]} Ra4 {[%emt 0:00:03]} 49. a7 {[%emt 0:00:02]} Bd4 {[%emt 0:00:10]} 50. Rxd4 {[%emt 0:00:01]} Rxa7 {[%emt 0:00:01]} 51. Ke2 {[%emt 0:00:05]} Rb7 {[%emt 0:00:01]} 52. Rd5 {[%emt 0:00:01]} Kg6 {[%emt 0:00:01]} 53. Kd3 {[%emt 0:00:00]} Kf6 {[%emt 0:00:01]} 54. Kc4 {[%emt 0:00:00]} g5 {[%emt 0:00:03]} 55. Kc5 {[%emt 0:00:01]} h5 {[%emt 0:00:02]} 56. Kc6 {[%emt 0:00:01]} Rb8 {[%emt 0:00:01]} 57. b6 {[%emt 0:00:00]} Rc8+ {[%emt 0:00:01]} 58. Kd7 {[%emt 0:00:01]} Rc1 {[%emt 0:00:00]} 59. b7 {[%emt 0:00:01]} Rb1 {[%emt 0:00:00]} 60. Kc6 {[%emt 0:00:01]} h4 {[%emt 0:00:02]} 61. Rb5 {[%emt 0:00:01]} Rxb5 {[%emt 0:00:04]} 62. Kxb5 {[%emt 0:00:02]} h3 {[%emt 0:00:00]} 63. b8=Q {[%emt 0:00:01] AbdullaKh resigns} 1-0

[Event "Silkway Cup"]
[Site "T#646345FIDE"]
[Date "2020.05.28"]
[Round "14"]
[White "Skoffee"]
[Black "Moonlightbae"]
[Result "1-0"]
[WhiteElo "1761"]
[BlackElo "1523"]
[Annotator "NA"]
[PlyCount "77"]
[EventDate "2020.05.28"]
[EventType "swiss (blitz)"]

1. e4 {[%emt 0:00:02]} c5 {[%emt 0:00:01]} 2. Nf3 {[%emt 0:00:01]} d6 {[%emt 0:00:01]} 3. d4 {[%emt 0:00:01]} cxd4 {[%emt 0:00:00]} 4. Nxd4 {[%emt 0:00:01]} Nf6 {[%emt 0:00:00]} 5. Nc3 {[%emt 0:00:02]} g6 {[%emt 0:00:00]} 6. g3 {[%emt 0:00:03]} Bg7 {[%emt 0:00:01]} 7. Bg2 {[%emt 0:00:01]} O-O {[%emt 0:00:01]} 8. O-O {[%emt 0:00:01]} Nc6 {[%emt 0:00:01]} 9. Nb3 {[%emt 0:00:01]} Be6 {[%emt 0:00:02]} 10. Bg5 {[%emt 0:00:01]} a6 {[%emt 0:00:03]} 11. Qd2 {[%emt 0:00:01]} Rc8 {[%emt 0:00:01]} 12. a4 {[%emt 0:00:03]} Ne5 {[%emt 0:00:01]} 13. Nd4 {[%emt 0:00:14]} Nc4 {[%emt 0:00:05]} 14. Qc1 {[%emt 0:00:05]} Bd7 {[%emt 0:00:10]} 15. Rd1 {[%emt 0:00:04]} Ng4 {[%emt 0:00:06]} 16. h3 {[%emt 0:00:06]} Nf6 {[%emt 0:00:16]} 17. b3 {[%emt 0:00:04]} Ne5 {[%emt 0:00:10]} 18. Nce2 {[%emt 0:00:03]} Nc6 {[%emt 0:00:04]} 19. Rb1 {[%emt 0:00:14]} Nb4 {[%emt 0:00:01]} 20. c3 {[%emt 0:00:06]} Nc6 {[%emt 0:00:14]} 21. Qe3 {[%emt 0:00:02]} Qa5 {[%emt 0:00:18]} 22. Bh6 {[%emt 0:00:05]} Bxh6 {[%emt 0:00:13]} 23. Qxh6 {[%emt 0:00:02]} Qh5 {[%emt 0:00:01]} 24. Qe3 {[%emt 0:00:02]} Qa5 {[%emt 0:00:17]} 25. Rbc1 {[%emt 0:00:11]} Be6 {[%emt 0:00:17]} 26. Nxe6 {[%emt 0:00:02]} fxe6 {[%emt 0:00:01]} 27. Nf4 {[%emt 0:00:02]} Nd8 {[%emt 0:00:13]} 28. b4 {[%emt 0:00:06]} Qxa4 {[%emt 0:00:13]} 29. e5 {[%emt 0:00:03]} dxe5 {[%emt 0:00:14]} 30. Qxe5 {[%emt 0:00:03]} Nd7 {[%emt 0:00:16]} 31. Qg5 {[%emt 0:00:07]} Nf7 {[%emt 0:00:17]} 32. Qxe7 {[%emt 0:00:02]} Rxc3 {[%emt 0:00:04]} 33. Nxe6 {[%emt 0:00:08]} Rxc1 {[%emt 0:00:07]} 34. Rxc1 {[%emt 0:00:01]} Ra8 {[%emt 0:00:08]} 35. Bxb7 {[%emt 0:00:02]} Qa3 {[%emt 0:00:03]} 36. Rf1 {[%emt 0:00:05]} Rb8 {[%emt 0:00:01]} 37. Qxd7 {[%emt 0:00:02]} Qxb4 {[%emt 0:00:03]} 38. Bd5 {[%emt 0:00:02]} a5 {[%emt 0:00:04]} 39. Ng5 {[%emt 0:00:02] Moonlightbae resigns (Lag: Av=0.39s, max=0.7s)} 1-0